| 000 | 00800nam a22002297a 4500 | ||
|---|---|---|---|
| 005 | 20161116111348.0 | ||
| 010 | _aENG-116542 | ||
| 020 |
_a9788125059684 _c675.00 |
||
| 035 | _aEN-100074 | ||
| 037 | _bDBAD/PUB | ||
| 082 | _a323.63 | ||
| 245 |
_aThe state of being stateless : _ban account of South Asia / _cby Paula Banerjee, Anasua Basu Ray Chaudhary, [and] Atig Ghosh ; foreword by Ranbir Samaddar |
||
| 260 |
_aNew Delhi _bOrient BlackSwan _c2016 |
||
| 270 |
_a1/24 Asaf Ali Road, _bNew Delhi _e1100002 |
||
| 300 |
_axvii,283p. _c23cm (Hb) |
||
| 500 | _a Includes bibliographical references and index | ||
| 700 | _a Banerjee, Paula | ||
| 700 | _a Ray Chaudhary,Anasua Basu | ||
| 700 | _aGhosh, Atig | ||
| 700 | _aSamddar, Ranabir | ||
| 942 |
_2ddc _cEN _h323.63 _mSTE |
||
| 999 |
_c104618 _d104618 |
||